| 000 | 00498nam a22001577a 4500 | ||
|---|---|---|---|
| 003 | macl | ||
| 005 | 20190827132035.0 | ||
| 008 | 190827b xxu||||| |||| 00| 0 eng d | ||
| 040 | _cmacl | ||
| 082 | _a070 | ||
| 100 |
_aआशुतोष पार्थेश्वर _976396 |
||
| 245 | _aचंपारन आंदोलन 1917 | ||
| 260 |
_aदिल्ली _bप्रभात प्रकाशन _c2017 |
||
| 650 |
_aपत्रकारिता _976397 |
||
| 942 |
_2ddc _cHIN |
||
| 999 |
_c60842 _d60842 |
||